[Event "Mlada Boleslav op"]
[Site "Mlada Boleslav"]
[Date "1994.??.??"]
[Round "2"]
[White "Janakiev, Ivan"]
[Black "Polgar, Sofia"]
[Result "0-1"]
[WhiteElo "2325"]
[BlackElo "2450"]

1.d4 Nf6 2.c4 c5 3.d5 b5 4.a4 b4 5.Nd2 e5 6.e4 d6 7.Bd3 g6 8.b3 Bg7 9.Bb2 a5
10.Ne2 Ra7 11.Qc2 O-O 12.f3 Nh5 13.g3 Bh3 14.O-O-O Bh6 15.g4 Ng7 16.Rdg1 Qh4
17.Rg3 Bf4 18.Ng1 Bf1 19.Bxf1 Bxg3 20.Ne2 Bf2 21.Qd3 Re7 22.Kc2 f5 23.exf5 gxf5
24.h3 Nd7 25.Bg2 Bd4 26.Bc1 Qf2 27.Bf1 e4 28.fxe4 Ne5 29.Qg3 Qxg3 30.Nxg3 fxg4
31.hxg4 Nxg4 32.Be2 Nf2 33.Rh4 Bf6 34.Rh6 Bg5 35.Rh2 Bf4 36.Rxf2 Bxg3 37.Rg2 Rf2
38.Rxg3 Rxe2 39.Kd3 Rh2 40.Nf3 Rf2 41.Bf4 Rd7 42.Ke3 Rc2 43.Ne1 Rc3+ 44.Nd3 Kf7
45.Rh3 Rxb3 46.Rxh7 Kg8 47.Rh1 Rc3 48.Rc1 Rxc1 49.Nxc1 Nh5 50.Bh2 Nf6 51.Kd3 Rh7
52.Bxd6 Rh3+ 53.Kc2 Rc3+ 54.Kb2 Rxc4 55.Nb3 Nxe4 56.Be5 Nf2 57.Bc7 Kf7 58.Bxa5 Nd3+
59.Kb1 Rc3 60.Ka2 c4  0-1

[Event "Mlada Boleslav op"]
[Site "Mlada Boleslav"]
[Date "1994.??.??"]
[Round "4"]
[White "Oral, Tomas"]
[Black "Polgar, Sofia"]
[Result "1-0"]
[WhiteElo "2380"]
[BlackElo "2450"]

1.e4 e5 2.Nf3 Nc6 3.d4 exd4 4.Nxd4 Bc5 5.Nxc6 Qf6 6.Qd2 bxc6 7.Bd3 Ne7 8.O-O O-O
9.Kh1 d5 10.Nc3 Bd4 11.Qf4 Be5 12.Qxf6 Bxf6 13.Bf4 dxe4 14.Bxe4 Rb8 15.Rab1 Rb4
16.a3 Rc4 17.Bxc7 Nd5 18.Bxd5 cxd5 19.Nxd5 Bb7 20.Nxf6+ gxf6 21.Ba5 Rxc2
22.Kg1 Be4 23.Bc3 Rxc3 24.bxc3 Bxb1 25.Rxb1 Rc8 26.Rb3 a5 27.a4 Rc4 28.Ra3 Kf8
29.Kf1 Ke7 30.f3 Kd6 31.Ke2 Kd5 32.Kd3 Rf4 33.Ra1 Rh4 34.h3 Rf4 35.Kc2 Kc6
36.Kb3 Rf5 37.Re1 Kd6 38.Rd1+ Kc6 39.Re1 Kd6 40.Rd1+ Kc6 41.Rd8 Rg5 42.g4 f5
43.h4 Rg6 44.h5 Rg5 45.Rf8 fxg4 46.fxg4 Rxg4 47.Rxf7 h6 48.Rf6+ Kc5 49.Rxh6 Rg1
50.Rh8 Rb1+ 51.Kc2 Rb6 52.Rc8+ Kd5 53.Kd3 Rf6 54.Rd8+ Kc5 55.Rc8+ Kd5 56.Ke3 Re6+
57.Kf4 Re4+ 58.Kg5 Re5+ 59.Kg6 Re6+ 60.Kg5 Rc6 61.Rxc6  1-0

[Event "Mlada Boleslav op"]
[Site "Mlada Boleslav"]
[Date "1994.??.??"]
[Round "7"]
[White "Polgar, Sofia"]
[Black "Daniliuk, Sergey"]
[Result "1-0"]
[WhiteElo "2450"]
[BlackElo "2440"]

1.e4 e5 2.Nf3 Nc6 3.Bb5 a6 4.Ba4 Nf6 5.O-O Nxe4 6.d4 b5 7.Bb3 d5 8.dxe5 Be6
9.c3 Bc5 10.Nbd2 O-O 11.Bc2 Bf5 12.Nb3 Bg6 13.Nfd4 Bxd4 14.Nxd4 Qd7 15.f4 f5
16.Be3 Nxd4 17.cxd4 Bf7 18.a4 Be6 19.Qe2 c6 20.Rfc1 Qb7 21.Bd3 Rac8 22.b4 Bd7
23.Ra3 Rb8 24.Qa2 Qc8 25.axb5 axb5 26.Ra1 Qc7 27.Ra7 Rb7 28.Ra6 Rb6 29.Ra3 Rbb8
30.Bf2 Rfe8 31.Bxe4 fxe4 32.Bh4 Be6 33.Rg3 Kh8 34.Qa7 Rb7 35.Qc5 Qd7 36.h3 Rc8
37.Rga3 Qf7 38.Rf1 Qf8 39.Qxf8+ Rxf8 40.f5 Bg8 41.g4 h6 42.Rc1  1-0

[Event "Moscow ol (Women)"]
[Site "Moscow"]
[Date "1994.??.??"]
[Round "1"]
[White "Dubois, Martine"]
[Black "Polgar, Sofia"]
[Result "0-1"]
[WhiteElo "2050"]
[BlackElo "2450"]

1.e4 e5 2.f4 exf4 3.Nf3 d6 4.d4 g5 5.h4 g4 6.Ng1 f5 7.Bxf4 fxe4 8.Nc3 Nf6
9.Qe2 d5 10.Be5 Bg7 11.Qe3 c6 12.h5 h6 13.Qg3 Bf5 14.Nge2 Nbd7 15.O-O-O O-O
16.Bd6 Rf7 17.Nf4 Ne8 18.Ba3 b5 19.Be2 a5 20.Nxb5 cxb5 21.Bxb5 Qc7 22.Qe3 Qb6
23.Qb3 Be6 24.Bc5 a4 25.Qb4 Nxc5 26.dxc5 Qa5 27.Qxa5 Rxa5 28.Nxe6 Rxb5 29.Nxg7 Kxg7
30.Rxd5 Nf6 31.Rf5 Rc7 32.Rhf1 Rc6  0-1

[Event "Moscow ol (Women)"]
[Site "Moscow"]
[Date "1994.??.??"]
[Round "6"]
[White "Polgar, Sofia"]
[Black "Strutinskaya, Galina N"]
[Result "1-0"]
[WhiteElo "2450"]
[BlackElo "2235"]

1.e4 c5 2.Nf3 Nc6 3.d4 cxd4 4.Nxd4 Nf6 5.Nc3 e5 6.Ndb5 d6 7.Bg5 a6 8.Na3 b5
9.Nd5 Be7 10.Bxf6 Bxf6 11.c3 O-O 12.Nc2 Bb7 13.h4 Nb8 14.Nce3 Nd7 15.Qf3 Nb6
16.Rd1 Bxd5 17.Nxd5 Nxd5 18.Rxd5 Qb6 19.Qd3 Be7 20.Be2 Rfc8 21.h5 Rc5 22.O-O Qc6
23.Rxc5 Qxc5 24.Bd1 Bd8 25.Bb3 Bb6 26.h6 Rf8 27.hxg7 Kxg7 28.Qg3+ Kh8 29.Qg5 f6
30.Qh6 Qc8 31.Rd1 Qd8 32.Rd3 Qe7 33.Rg3 Bc5 34.Bd5 Rb8 35.b4 Bb6 36.Qh4 Rf8
37.Qg4 h6 38.Qh5  1-0

[Event "Moscow ol (Women)"]
[Site "Moscow"]
[Date "1994.??.??"]
[Round "7"]
[White "Fomina, Tatyana"]
[Black "Polgar, Sofia"]
[Result "0-1"]
[WhiteElo "2260"]
[BlackElo "2450"]

1.e4 e5 2.Nf3 Nc6 3.Bb5 a6 4.Ba4 Nf6 5.Qe2 b5 6.Bb3 Bc5 7.c3 d6 8.O-O O-O
9.Rd1 Bb6 10.d3 Bb7 11.Bg5 h6 12.Bh4 Qe7 13.Nbd2 Nd8 14.Nf1 Ne6 15.Ne3 Nf4
16.Qe1 Ng6 17.g3 Rae8 18.a4 Qd8 19.axb5 axb5 20.c4 bxc4 21.Bxc4 d5 22.Ba6 Bxa6
23.Rxa6 Nxh4 24.Nxh4 Qc8 25.Ra4 Qd7 26.b3 Rb8 27.exd5 Bxe3 28.Qxe3 Rxb3 29.Ra6 Qg4
30.f3 Qg5 31.Qxg5 hxg5 32.Nf5 Nxd5 33.Ra5 c6 34.Rc5 Ra8 35.Rd2 Raa3 36.Rxc6 Rxd3
37.Re2 Rxf3 38.Rc5 Rxf5 39.Rxd5 f6 40.Rd7 Ra1+ 41.Kg2 Rff1 42.Rb2 Rfb1 43.Rc2 g4
44.h3 Rg1+ 45.Kf2 gxh3 46.Rcc7 Rg2+  0-1

[Event "Moscow ol (Women)"]
[Site "Moscow"]
[Date "1994.??.??"]
[Round "9"]
[White "Skripchenko, Almira"]
[Black "Polgar, Sofia"]
[Result "0-1"]
[WhiteElo "2270"]
[BlackElo "2450"]

1.e4 c5 2.Nf3 Nc6 3.d4 cxd4 4.Nxd4 Nf6 5.Nc3 d6 6.Bc4 Qb6 7.Nb3 e6 8.Bf4 Ne5
9.Be2 a6 10.O-O Be7 11.a4 Qc7 12.a5 Bd7 13.Qd4 O-O 14.Rfd1 Bc6 15.Bg3 Rad8
16.h3 Rfe8 17.Rd2 Ng6 18.Rad1 e5 19.Qe3 h6 20.Bf3 Bd7 21.h4 Be6 22.Nd5 Nxd5
23.exd5 Bd7 24.h5 Bg5 25.Qd3 Ne7 26.c4 Bxd2 27.Rxd2 Ba4 28.c5 Bxb3 29.cxd6 Qc1+  0-1

[Event "Moscow ol (Women)"]
[Site "Moscow"]
[Date "1994.??.??"]
[Round "11"]
[White "Peptan, Corina"]
[Black "Polgar, Sofia"]
[Result "0-1"]
[WhiteElo "2255"]
[BlackElo "2450"]

1.e4 e5 2.Nf3 Nc6 3.Bb5 a6 4.Ba4 Nf6 5.O-O Nxe4 6.d4 b5 7.Bb3 d5 8.dxe5 Be6
9.Qe2 Be7 10.Rd1 O-O 11.c3 Nc5 12.Bc2 Bg4 13.Be3 Re8 14.h3 Be6 15.Nbd2 Nd7
16.Bf4 f6 17.Nb3 fxe5 18.Nbd4 Nxd4 19.Nxd4 Bf7 20.Nc6 Qc8 21.Bf5 Bd6 22.Be3 h5
23.Rd3 Rf8 24.a4 e4 25.Rd4 Re8 26.axb5 Nc5 27.Ra3 axb5 28.Rxa8 Qxa8 29.Nb4 Nb3  0-1

[Event "Moscow ol (Women)"]
[Site "Moscow"]
[Date "1994.??.??"]
[Round "12"]
[White "Polgar, Sofia"]
[Black "Shumiakina, Tatiana"]
[Result "1-0"]
[WhiteElo "2450"]
[BlackElo "2330"]

1.e4 c5 2.c3 Nf6 3.e5 Nd5 4.d4 cxd4 5.Nf3 Nc6 6.cxd4 d6 7.Bc4 Nb6 8.Bb5 dxe5
9.Nxe5 Bd7 10.Nf3 a6 11.Be2 Bg4 12.Nc3 e6 13.O-O Be7 14.Be3 O-O 15.h3 Bh5
16.Rc1 Nd5 17.Nxd5 Qxd5 18.Bc4 Qd8 19.d5 Bxf3 20.gxf3 exd5 21.Qxd5 Qxd5 22.Bxd5 Rfc8
23.Rc2 Nb4 24.Rxc8+ Rxc8 25.Bxb7 Rc7 26.Be4 Nxa2 27.Ra1 Nb4 28.Bd2 g6 29.Ra4 Nc2
30.Rxa6 Nd4 31.Kg2 Bc5 32.Ra8+ Kg7 33.b4 Be7 34.Be3 Bf6 35.Rb8 Ne6 36.b5 Be5
37.Re8 Nf4+ 38.Kf1 Rd7 39.Bc2 Ne6 40.b6 Bd6 41.Rc8 Be5 42.Ba4 Rd3 43.b7 Ra3
44.Bc2 Nf4 45.Ra8 Rc3 46.Bd4  1-0

[Event "Portoroz op"]
[Site "Portoroz"]
[Date "1994.??.??"]
[Round "?"]
[White "Polgar, Sofia"]
[Black "Zecevic, Dean"]
[Result "1/2-1/2"]
[WhiteElo "2450"]
[BlackElo "2345"]

1.e4 c5 2.Nf3 d6 3.d4 cxd4 4.Qxd4 a6 5.Be3 Nf6 6.Nc3 Nc6 7.Qd2 e6 8.O-O-O Qa5
9.Kb1 Be7 10.Nd4 Bd7 11.f3 b5 12.Nb3 Qc7 13.Bxb5 axb5 14.Nxb5 Qb8 15.Nxd6+ Bxd6
16.Qxd6 Ne7 17.Bc5 Qxd6 18.Rxd6 Ba4 19.Rhd1 O-O 20.e5 Nfd5 21.c4 Rfc8 22.cxd5 Bxb3
23.axb3 Rxc5 24.dxe6 fxe6 25.Rd8+ Rxd8 26.Rxd8+ Kf7 27.f4 Rd5 28.Rxd5 Nxd5
29.g3 Kg6 30.Kc2 Kf5 31.Kd3 g5 32.fxg5 Kxg5 33.Kc4 Kf5 34.b4 Kxe5 35.Kc5 Nxb4
36.Kxb4 Kd4 37.Kb3 Kd3 38.Ka2 e5 39.b4 e4 40.b5 e3 41.b6 e2 42.b7 e1=Q 43.b8=Q Qf2+
44.Qb2 Ke3 45.g4 Qxb2+  1/2-1/2

[Event "Portoroz op"]
[Site "Portoroz"]
[Date "1994.??.??"]
[Round "?"]
[White "Polgar, Sofia"]
[Black "Slak, Marjan"]
[Result "1-0"]
[WhiteElo "2450"]
[BlackElo "2225"]

1.e4 e5 2.Nf3 Nc6 3.Bb5 a6 4.Ba4 Nf6 5.O-O Be7 6.Re1 b5 7.Bb3 d6 8.c3 O-O
9.h3 Na5 10.Bc2 c5 11.d4 Qc7 12.Nbd2 cxd4 13.cxd4 Bb7 14.d5 Rac8 15.Bb1 Nd7
16.Nf1 f5 17.exf5 Nf6 18.Be4 h6 19.b3 Nxe4 20.Rxe4 Rxf5 21.Bd2 Bd8 22.Ne3 Rf4
23.Rxf4 exf4 24.Nf1 Qf7 25.Qe1 b4 26.Bxb4 Qxd5 27.Rd1 Qf5 28.Rxd6 Nc6 29.Bc3 Bc7
30.Nh4 Qf7 31.Rg6 Ne5 32.Bxe5 Re8 33.Qb4 Bxe5 34.Rb6 Bc8 35.Nf3 Bc7 36.Rc6 Re7
37.N1d2 a5 38.Qc4 Be6 39.Qc3 Bd5 40.Rc5 Bb6 41.Rc8+ Re8 42.Ne5 Qe6 43.Rxe8+ Qxe8
44.Ndc4 Bc7 45.Qd4 Qa8 46.Nb6 Bxb6 47.Qxb6 a4 48.bxa4 Bxa2 49.a5 Qe4 50.Qd8+ Kh7
51.Qd3 Bb1 52.Qxe4+ Bxe4 53.a6 Kg8 54.a7 Kf8 55.Nd7+ Ke7 56.Nb6 Kd6 57.a8=Q Bxa8
58.Nxa8 Kc6 59.Kf1 Kb7 60.Ke2  1-0

[Event "Portoroz op"]
[Site "Portoroz"]
[Date "1994.??.??"]
[Round "?"]
[White "Polgar, Sofia"]
[Black "Kerma, Simon"]
[Result "1-0"]
[WhiteElo "2450"]
[BlackElo "2040"]

1.e4 c5 2.Nf3 d6 3.d4 cxd4 4.Nxd4 Nf6 5.Nc3 g6 6.Be3 Bg7 7.f3 O-O 8.Qd2 Nc6
9.g4 Qa5 10.h4 Nxd4 11.Bxd4 Be6 12.h5 Rac8 13.a3 Bc4 14.h6 Bh8 15.g5 Nd7
16.Bxh8 Kxh8 17.O-O-O Bxf1 18.Rhxf1 Rc4 19.f4 Rfc8 20.Rf3 b5 21.Kb1 b4 22.Nd5 Rxe4
23.axb4 Qa6 24.Rc3 Rcc4 25.b5 Qxb5 26.Nxe7 Rxe7 27.Qd4+ Ne5 28.Qxd6 Rxc3
29.Qf6+  1-0

[Event "Portoroz op"]
[Site "Portoroz"]
[Date "1994.??.??"]
[Round "?"]
[White "Mohr, Georg"]
[Black "Polgar, Sofia"]
[Result "1/2-1/2"]
[WhiteElo "2420"]
[BlackElo "2450"]

1.d4 d5 2.Nf3 Nf6 3.g3 Bf5 4.Bg2 c6 5.Nbd2 h6 6.O-O Nbd7 7.c4 e6 8.Re1 Be7
9.b3 O-O 10.Bb2 Ne4 11.a3 b5 12.c5 a5 13.Nxe4 Bxe4 14.Bh3 Re8 15.Nd2 Bh7
16.b4 axb4 17.axb4 Qc7 18.Qb3 Bf6 19.e3 Bf5 20.Bxf5  1/2-1/2

[Event "Portoroz op"]
[Site "Portoroz"]
[Date "1994.??.??"]
[Round "?"]
[White "Kaplan, Lael"]
[Black "Polgar, Sofia"]
[Result "0-1"]
[WhiteElo "2215"]
[BlackElo "2450"]

1.e4 c5 2.Nf3 Nc6 3.d4 cxd4 4.Nxd4 e6 5.Nb5 d6 6.c4 Nf6 7.N1c3 a6 8.Na3 b6
9.Be2 Bb7 10.O-O Nb8 11.f3 Nbd7 12.Be3 Be7 13.Qd2 O-O 14.Rfd1 Qc7 15.Rac1 Rfe8
16.Bf1 Rad8 17.Qf2 Ba8 18.Nab1 Qb8 19.Kh1 Kh8 20.a3 Rg8 21.b4 g5 22.Nd2 Rde8
23.Nb3 g4 24.Be2 Rg7 25.Rd2 Reg8 26.Rcd1 g3 27.hxg3 Rxg3 28.Bf1 Nh5 29.Ne2 Bh4
30.Rxd6 Rh3+ 31.gxh3 Bxf2 32.Bxf2 Ne5 33.Rxb6 Qc7 34.Bg2 Qxc4 35.Nbd4 Nd3
36.Bh4 e5 37.Nf5 Qc2 38.Rg1 Qxe2 39.Ng3 Nxg3+ 40.Kh2 Nf1+  0-1

[Event "Portoroz op"]
[Site "Portoroz"]
[Date "1994.??.??"]
[Round "?"]
[White "Sale, Srdjan"]
[Black "Polgar, Sofia"]
[Result "0-1"]
[WhiteElo "2445"]
[BlackElo "2450"]

1.c4 e5 2.g3 c6 3.Qa4 f5 4.Nf3 e4 5.Nd4 Qf6 6.e3 Bc5 7.Nc2 Ne7 8.d4 exd3
9.Bxd3 d5 10.Nc3 Be6 11.cxd5 Nxd5 12.Bd2 Nd7 13.Be2 N5b6 14.Qh4 Qxh4 15.gxh4 Nc4
16.Bc1 O-O 17.b3 Ncb6 18.Bb2 f4 19.Ne4 fxe3 20.fxe3 Be7 21.O-O-O Bxh4 22.Rhg1 g6
23.Nd4 Bd5 24.Nd6 Bf2 25.e4 Be3+ 26.Kb1 Bxg1 27.Rxg1 c5 28.exd5 cxd4 29.Bxd4 Rf4
30.Be3 Rf6 31.Ne4 Rf7 32.Bg4 Nxd5 33.Bh6 Re7 34.Nd6 N7f6 35.Bf3 Rd8 36.Nc4 b5
37.Nd2 Ne3 38.Nf1 Nf5 39.Bd2 Nh4 40.Bd1 Re1  0-1

[Event "Vienna op"]
[Site "Vienna"]
[Date "1994.??.??"]
[Round "2"]
[White "Polgar, Sofia"]
[Black "Holzer, Gerhard"]
[Result "1-0"]
[WhiteElo "2450"]
[BlackElo "2205"]

1.e4 e5 2.Nf3 Nc6 3.Bb5 f5 4.Nc3 fxe4 5.Nxe4 Nf6 6.Qe2 d5 7.Nxf6+ gxf6 8.d4 Bg7
9.dxe5 O-O 10.Bxc6 bxc6 11.e6 Qd6 12.O-O Qxe6 13.Qd3 Qe4 14.Qc3 Ba6 15.Re1 Qc4
16.Qa3 Rfe8 17.Bd2 Bf8 18.Qa5 Rxe1+ 19.Rxe1 Re8 20.Rc1 Bd6 21.b3 Qb5 22.Qc3 Kf7
23.Nd4 Qb6 24.Nf5 Bc8 25.Qh3 Bxf5 26.Qxf5 Be5 27.Qxh7+ Ke6 28.c4 Qb8 29.f4 Bd4+
30.Kh1 Kd6 31.b4 Re7 32.Qf5 Re6 33.cxd5 cxd5 34.Rc6+  1-0

[Event "Vienna op"]
[Site "Vienna"]
[Date "1994.??.??"]
[Round "3"]
[White "Steiner, Ulrich A"]
[Black "Polgar, Sofia"]
[Result "0-1"]
[WhiteElo "2185"]
[BlackElo "2450"]

1.e4 c5 2.c3 Qa5 3.Na3 e6 4.Nf3 a6 5.Be2 b5 6.O-O Bb7 7.d3 d6 8.Re1 Nd7 9.Bf1 Ngf6
10.h3 Qc7 11.Bf4 e5 12.Bh2 g6 13.Nd2 Bh6 14.Nc2 O-O 15.Ne3 Nh5 16.g3 Ng7
17.a4 Kh8 18.Qb3 Rab8 19.axb5 axb5 20.Qxb5 Bxe4 21.Qa5 Qxa5 22.Rxa5 Bf5 23.Rb1 Be6
24.Ne4 Rb6 25.h4 Bxe3 26.fxe3 Nf5 27.Kf2 Rfb8 28.b4 cxb4 29.c4 Nh6 30.Be2 Kg7
31.Ke1 Ng4 32.Bg1 Ngf6 33.Nd2 e4 34.dxe4 Ne5 35.c5 dxc5 36.Rxc5 Nfd7 37.Rc7 b3
38.Rb2 Ra8 39.Rc1 Ra2 40.Rcb1  0-1

[Event "Vienna op"]
[Site "Vienna"]
[Date "1994.??.??"]
[Round "4"]
[White "Polgar, Sofia"]
[Black "Lerner, Konstantin Z"]
[Result "1/2-1/2"]
[WhiteElo "2450"]
[BlackElo "2555"]

1.e4 c5 2.Nf3 d6 3.d4 cxd4 4.Nxd4 Nf6 5.Nc3 Nc6 6.Bg5 e6 7.Qd2 a6 8.O-O-O h6
9.Be3 Bd7 10.f4 Be7 11.h3 b5 12.Bd3 Nxd4 13.Bxd4 Bc6 14.Qe1 b4 15.Bxf6 Bxf6
16.Nd5 a5 17.Rf1 Be7 18.Qg3 O-O 19.Nxe7+ Qxe7 20.Kb1 a4 21.Qe3 b3 22.a3 bxc2+
23.Bxc2 Rfb8 24.Qd4 Qb7 25.Rf2 e5 26.fxe5 dxe5 27.Qxe5 Re8 28.Qd4 Bxe4 29.Bxe4 Rxe4
30.Qd7 Rb8 31.Qxb7 Rxb7 32.Rfd2 f5 33.Rd4 Rbe7 34.Kc2 Rc7+ 35.Kb1 Rce7 36.Kc2 Rc7+
37.Kb1 Rce7  1/2-1/2

[Event "Vienna op"]
[Site "Vienna"]
[Date "1994.??.??"]
[Round "6"]
[White "Polgar, Sofia"]
[Black "Eingorn, Vereslav S"]
[Result "1/2-1/2"]
[WhiteElo "2450"]
[BlackElo "2585"]

1.e4 c5 2.Nf3 a6 3.c4 e6 4.Nc3 b6 5.d4 cxd4 6.Nxd4 Bb7 7.Be2 Nf6 8.e5 Ne4
9.Nxe4 Bxe4 10.O-O Nc6 11.Nxc6 dxc6 12.Be3 c5 13.f3 Qxd1 14.Rfxd1 Bc6 15.Rd3  1/2-1/2

[Event "Vienna op"]
[Site "Vienna"]
[Date "1994.??.??"]
[Round "9"]
[White "Polgar, Sofia"]
[Black "Gaertner, Guntram"]
[Result "1-0"]
[WhiteElo "2450"]
[BlackElo "2325"]

1.e4 c6 2.d4 d5 3.Nc3 dxe4 4.Nxe4 g6 5.Nf3 Bg7 6.h3 Nh6 7.Bd3 Nf5 8.c3 O-O
9.Bf4 Nd6 10.Ng3 Be6 11.Qd2 Bd5 12.Bh6 Nd7 13.O-O-O Nf6 14.Bxg7 Kxg7 15.h4 h5
16.Ne5 Nfe4 17.Nxe4 Bxe4 18.Bxe4 Nxe4 19.Qf4 Nf6 20.f3 Qd5 21.c4 Qa5 22.Kb1 Rac8
23.g4 Qc7 24.c5 Qd8 25.Rdg1 Qe8 26.gxh5 Nxh5 27.Qg5 Rh8 28.f4 Rh6 29.Ng4 Rh8
30.f5 f6 31.Qe3 Qd7 32.Ka1 Rce8 33.fxg6 Qf5 34.Qb3 Qd5 35.Ne3 Qxb3 36.Nf5+ Kg8
37.axb3 Ng7 38.Ng3 Nh5 39.Nf5 Ng7 40.Nxg7 Kxg7 41.h5 Rh6 42.Re1 e6 43.Kb1 f5
44.Kc2 Kf6 45.Re2 Reh8 46.Rg2 Rd8 47.Kc3 Rd7 48.Rhg1 Kg7 49.Rg5 Rd8 50.Kd3 Rdh8
51.Rh1 Kf6 52.Rg2 Kg7 53.Rgh2 Kf6 54.Ke3 Rd8 55.Rg2 Rd7 56.Rhg1 Rd8 57.Rg5 Kg7
58.Ra1 a6 59.Re1 Kf6 60.Reg1 Kg7 61.Kf4 Rxd4+ 62.Ke5 Re4+ 63.Kd6 Rh4 64.Kc7 R6xh5
65.Rxh5 Rxh5 66.Kxb7 f4 67.Kxc6 f3 68.b4 e5 69.Kd5 Rh2 70.Rf1 Rd2+ 71.Kxe5 f2
72.c6 Re2+ 73.Kd6 Rd2+ 74.Ke7 Re2+ 75.Kd7 Rd2+ 76.Kc8 Rxb2 77.c7 Rxb4 78.Rxf2 Kxg6
79.Rd2  1-0

[Event "Donner mem op"]
[Site "Amsterdam"]
[Date "1995.??.??"]
[Round "5"]
[White "Polgar, Sofia"]
[Black "Berkovich, Mark A"]
[Result "1/2-1/2"]
[WhiteElo "2485"]
[BlackElo "2380"]

1.e4 e5 2.Nf3 Nc6 3.Bb5 Bb4 4.c3 Ba5 5.Na3 Bb6 6.Nc4 Nf6 7.d3 d6 8.a4 a6
9.Nxb6 cxb6 10.Bc4 h6 11.h3 O-O 12.O-O Re8 13.Be3 d5 14.exd5 Nxd5 15.d4 Be6
16.Bxd5 Bxd5 17.dxe5 Nxe5 18.Nxe5 Rxe5 19.Qd4 Re4 20.Qxb6 Qxb6 21.Bxb6 Re2
22.b4 Rae8 23.Rfd1  1/2-1/2

[Event "Donner mem op"]
[Site "Amsterdam"]
[Date "1995.??.??"]
[Round "6"]
[White "Ree, Hans"]
[Black "Polgar, Sofia"]
[Result "0-1"]
[WhiteElo "2435"]
[BlackElo "2485"]

1.d4 d5 2.Nf3 Nf6 3.e3 e6 4.Bd3 c5 5.c3 Nc6 6.O-O Qc7 7.Nbd2 Be7 8.dxc5 Bxc5
9.e4 O-O 10.Qe2 h6 11.b4 Bd6 12.Bb2 e5 13.a3 Re8 14.c4 d4 15.c5 Bf8 16.Rac1 Bg4
17.Nc4 Nh5 18.g3 Qd8 19.Kg2 Qc8 20.Rg1 Re6 21.h3 Rf6 22.hxg4 Qxg4 23.Kf1 Rxf3
24.b5 Nxg3+ 25.Rxg3 Qxg3 26.bxc6 bxc6 27.Nxe5 Rf6 28.Bxd4 Rd8 29.Bb2 Qf4
30.Ke1 Re6 31.Nf3 Rb8 32.Rc2 Rxb2  0-1

[Event "Donner mem op"]
[Site "Amsterdam"]
[Date "1995.??.??"]
[Round "7"]
[White "Polgar, Sofia"]
[Black "Hodgson, Julian M"]
[Result "1/2-1/2"]
[WhiteElo "2485"]
[BlackElo "2590"]

1.e4 d6 2.d4 Nf6 3.Nc3 g6 4.f4 Bg7 5.Nf3 O-O 6.Bd3 Na6 7.O-O c5 8.d5 Bg4
9.h3 Bxf3 10.Rxf3 Nc7 11.a4 Rb8 12.Qe1 Nd7 13.Bd2 Na6 14.Nd1 e6 15.dxe6 fxe6
16.Bc3 Bxc3 17.Nxc3 Nb4 18.Rd1 Qe7 19.Qd2 Rbd8 20.Bc4 Nb6 21.Bf1 Kh8 22.a5 Nc8
23.Bc4 Nc6 24.Ne2 Qf6 25.a6 b6 26.Bb5 N8e7 27.Qc3 Qxc3 28.bxc3 Kg7 29.Rfd3 d5
30.g3 Rc8 31.exd5 exd5 32.Re3 Nf5 33.Re6 Nd8 34.Re5 Nf7 35.Re6 Nd8 36.Re5 Nf7
37.Re6 N5d6 38.c4 Nxb5 39.cxb5 Rfe8 40.Rxe8 Rxe8 41.Kf2 Rd8 42.Nc3 d4 43.Ne4 Nd6
44.Nxd6 Rxd6 45.Re1 Kf7 46.Kf3 Re6 47.Rxe6 Kxe6 48.Ke4 Kd6 49.g4 Ke6 50.h4 Kf6
51.h5 gxh5 52.gxh5 Ke6 53.h6 Kd6 54.f5 Ke7 55.Ke5 Kf7 56.Kd5 Kf6 57.Ke4 Ke7  1/2-1/2

[Event "Donner mem op"]
[Site "Amsterdam"]
[Date "1995.??.??"]
[Round "9"]
[White "Polgar, Sofia"]
[Black "Kalinin, Alexander"]
[Result "0-1"]
[WhiteElo "2485"]
[BlackElo "2365"]

1.e4 e5 2.Nf3 Nc6 3.Bb5 a6 4.Ba4 Nf6 5.O-O Be7 6.Re1 b5 7.Bb3 d6 8.c3 O-O
9.h3 Nb8 10.d4 Nbd7 11.Nbd2 Bb7 12.Bc2 Re8 13.b3 c5 14.d5 Nb6 15.Bd3 Qc7
16.Qe2 Bc8 17.a4 c4 18.bxc4 bxa4 19.c5 Qxc5 20.Ba3 Qc7 21.c4 Nfd7 22.c5 Nxc5
23.Rec1 Nbd7 24.Bc2 Qa7 25.Qd1 a5 26.Nc4 Ba6 27.Nfd2 Bb5 28.Bxc5 Nxc5 29.Ra3 Qa6
30.Ne3 Be2 31.Qe1 g6 32.Bxa4 Nxa4 33.Rc6 Nb6 34.Ndc4 Bxc4 35.Nxc4 Qxc4 36.Rxc4 Nxc4
37.Rc3 Nb6 38.Rc7 Na4 39.f4 exf4 40.Qd1 Nc5 41.e5 a4 42.Rc6 a3  0-1

[Event "Donner mem op"]
[Site "Amsterdam"]
[Date "1995.??.??"]
[Round "11"]
[White "Polgar, Sofia"]
[Black "Strating, Sybolt"]
[Result "1-0"]
[WhiteElo "2485"]
[BlackElo "2310"]

1.e4 c5 2.Nf3 Nc6 3.d4 cxd4 4.Nxd4 g6 5.Nc3 Bg7 6.Be3 Nf6 7.Bc4 O-O 8.Bb3 a5
9.a4 Ng4 10.Qxg4 Nxd4 11.Qh4 Nxb3 12.cxb3 d6 13.Nd5 Be6 14.Nxe7+ Kh8 15.Bg5 Qd7
16.O-O Bxb3 17.Ra3 Qe6 18.f4 f5 19.exf5 gxf5 20.Re1 Qf7 21.Nxf5 Qxf5 22.Rxb3 Rf7
23.Kh1 Qc2 24.Qh3 Qd2 25.Qe6 Raf8 26.Rbe3 d5 27.R3e2 Qd4 28.h3 Qxa4 29.Be7 d4
30.Bxf8 Rxf8 31.Qd5 Qc6 32.Qxa5 h6 33.Qd2 Qd5 34.Qd3 Rg8 35.Re7 b5 36.Kh2 Qc4
37.Qf5 d3 38.Rg1  1-0

[Event "Bermuda"]
[Site "Bermuda"]
[Date "1995.??.??"]
[Round "1"]
[White "Ashley, Maurice"]
[Black "Polgar, Sofia"]
[Result "1-0"]
[WhiteElo "2460"]
[BlackElo "2500"]

1.d4 Nf6 2.Nf3 d5 3.c4 c6 4.e3 e6 5.Qc2 Bd6 6.Nc3 O-O 7.b3 b6 8.Be2 Bb7 9.O-O dxc4
10.bxc4 c5 11.d5 exd5 12.cxd5 Nxd5 13.Nxd5 Bxd5 14.Rd1 Bb7 15.Bb2 Qe7 16.Bc4 Kh8
17.Qf5 Be4 18.Qg5 f5 19.Qxg7+ Qxg7 20.Bxg7+ Kxg7 21.Rxd6 Rf6 22.Rd8 Rf8 23.Rad1 Bxf3
24.gxf3 Nc6 25.R8d7+ Kh8 26.f4 Na5 27.Be6 Rae8 28.Bf7 Rc8 29.Rxa7 c4 30.Be6 Nc6
31.Rb7 Rcd8 32.Rc1 Rd2 33.Rxb6 Na5 34.Ra6 Nb7 35.Rxc4 Nd8 36.Bc8 Nf7 37.Bxf5 Nd6
38.Rxd6 Rxd6 39.Bc2 Rd2 40.Bb3 Kg7 41.Kg2 h5 42.Kf3 Rfd8 43.Rc5 Kh6 44.Bf7 h4
45.Rh5+ Kg7 46.Bb3 Rb2 47.Rxh4 Rdd2 48.Rg4+ Kh6 49.Kg2 Kh5 50.f5  1-0

[Event "Bermuda"]
[Site "Bermuda"]
[Date "1995.??.??"]
[Round "2"]
[White "Polgar, Sofia"]
[Black "Frias, Victor J"]
[Result "1-0"]
[WhiteElo "2500"]
[BlackElo "2495"]

1.e4 e5 2.Nf3 Nf6 3.Nc3 Nc6 4.Bb5 Bb4 5.O-O O-O 6.d3 Bxc3 7.bxc3 d6 8.Re1 Qe7
9.a4 Nd8 10.d4 c5 11.Bd3 Bg4 12.d5 Ne8 13.h3 Bd7 14.Nd2 g6 15.f4 exf4 16.Nf3 f6
17.Bxf4 Nf7 18.a5 Rc8 19.Rb1 Rc7 20.Qd2 Ne5 21.Bf1 Bc8 22.Nxe5 dxe5 23.Bh6 Rf7
24.d6 Nxd6 25.Red1 Rd7 26.Qe3 Rc7 27.Rd2 Be6 28.Rbd1 Ne8 29.Rd8 Rc8 30.Rxc8 Bxc8
31.Bc4 Be6 32.Bxe6 Qxe6 33.Qxc5 b6 34.Qb5 bxa5 35.Kh2 Re7 36.Bc1 a6 37.Qxa5  1-0

[Event "Bermuda"]
[Site "Bermuda"]
[Date "1995.??.??"]
[Round "3"]
[White "De Firmian, Nick E"]
[Black "Polgar, Sofia"]
[Result "1-0"]
[WhiteElo "2590"]
[BlackElo "2500"]

1.e4 c5 2.Nf3 d6 3.d4 cxd4 4.Nxd4 Nf6 5.Nc3 Nc6 6.Bc4 Qb6 7.Ndb5 a6 8.Be3 Qd8
9.Nd4 Ng4 10.Nxc6 bxc6 11.Bd2 g6 12.h3 Nf6 13.Bg5 Bg7 14.Qd2 O-O 15.O-O-O Qb6
16.Rhe1 Rb8 17.Bb3 Be6 18.Na4 Qb5 19.Bh6 d5 20.Bxg7 Kxg7 21.exd5 Bxd5 22.Nc3 Qc5
23.f3 Rfd8 24.Qg5 Qb4 25.Qe5 Bxb3 26.axb3 Rxd1+ 27.Rxd1 Kg8 28.g4 Re8 29.Kb1 Qb8
30.Qc5 Qb7 31.h4 h5 32.gxh5 Nxh5 33.Rg1 Kh7 34.Rg5 Nf4 35.Qe3 Qc7 36.Re5 f6
37.Re4 Nd5 38.Nxd5 cxd5 39.Re6 Kg7 40.Rxa6 Qh2 41.Ra4 Qe5 42.Qd2 Qf5 43.Rf4 Qh5
44.Rg4 Rc8 45.Qd3 Kf7 46.Rd4 Rc7 47.Rxd5 Qxh4 48.Qd1 Rc6 49.Rd4 Qf2 50.Rd2 Qh4
51.Rd8 Re6 52.Qd5 Qh5 53.b4 Qxd5 54.Rxd5 Rb6 55.b5 e5 56.c4 Ke6 57.Kc2 Rd6
58.Rxd6+ Kxd6 59.b4 f5 60.c5+ Kd5 61.b6 Kc6 62.b5+ Kb7 63.Kd3 g5 64.Ke3 g4
65.fxg4 fxg4 66.Ke4 Kb8 67.c6 Kc8 68.b7+ Kc7 69.b6+ Kb8 70.Ke3  1-0

[Event "Bermuda"]
[Site "Bermuda"]
[Date "1995.??.??"]
[Round "6"]
[White "Vescovi, Giovanni"]
[Black "Polgar, Sofia"]
[Result "1/2-1/2"]
[WhiteElo "2465"]
[BlackElo "2500"]

1.d4 d5 2.c4 e6 3.Nc3 c6 4.Nf3 Nf6 5.Bg5 dxc4 6.e4 b5 7.e5 h6 8.Bh4 g5 9.exf6 gxh4
10.Ne5 Qxf6 11.Be2 Bb7 12.Bh5 Rh7 13.Bf3 Nd7 14.Nxc6 a6 15.O-O Rc8 16.Ne5 Bxf3
17.Nxf3 Rg7 18.Qe2 Be7 19.Rad1 Kf8 20.Rfe1 Qg6 21.g3 hxg3 22.fxg3 Nf6 23.Kh1 Qh5
24.Qg2 b4 25.Re5 Qg4 26.Na4 Nd5 27.Qe2 Bd6 28.Re4 Qh5 29.Rh4 Qg6 30.Nc5 Rd8
31.Nb7 Rd7 32.Nxd6 Rxd6 33.Qxc4 Kg8 34.Rc1 Rd8 35.Rf1  1/2-1/2

[Event "Bermuda"]
[Site "Bermuda"]
[Date "1995.??.??"]
[Round "7"]
[White "Polgar, Sofia"]
[Black "Waitzkin, Joshua"]
[Result "0-1"]
[WhiteElo "2500"]
[BlackElo "2435"]

1.e4 e5 2.f4 d5 3.exd5 exf4 4.Bc4 Qh4+ 5.Kf1 Bd6 6.Nf3 Qh5 7.Nc3 Ne7 8.d4 O-O
9.Kf2 Nd7 10.Bb3 Nf6 11.Re1 Bg4 12.h3 Nf5 13.Nb5 Rae8 14.Nxd6 Bxf3 15.Nxe8 Bxd1
16.Nxf6+ gxf6 17.Bxf4 Bf3 18.Bxc7 Nxd4 19.c4 Kh8 20.Bd1 Bxd1 21.Raxd1 Nc2
22.Re2 Nb4 23.Bd6 Rg8 24.g4 Qh4+ 25.Kg2 Na6 26.Rf1 Nb8 27.Bg3 Qh6 28.Re7 Qd2+
29.Rf2 Qd4 30.Bh4 Rg6 31.Rxf7 Qxc4 32.Rf8+ Kg7 33.Rxb8 Qxd5+ 34.Kh2 h5 35.Rc2 Kh7
36.Rc7+ Rg7 37.Rbxb7 Qd2+ 38.Kg1 Qd1+ 39.Kg2 Qd2+ 40.Bf2 Qd5+ 41.Kh2 Qxb7
42.Rxb7 Rxb7 43.Bd4 hxg4 44.hxg4 Kg6 45.Kg3 Rd7 46.Be3 Kf7 47.Kf4 Ke6 48.a3 Rc7
49.Bd2 Rc4+ 50.Kf3 Rc5 51.Bc3 a5 52.Kf4 Rc4+ 53.Kg3 a4 54.Kf3 Rc8 55.Kg3 Rd8
56.Kf3 Rd1 57.Kg3 Kf7 58.Kf3 Kg6 59.Kf4 Rd7 60.Kf3 Kg5 61.Ke2 Rd6 62.Kf3 Rd3+
63.Kg2 Rxc3 64.bxc3 Kxg4 65.c4 Kf4  0-1